German Road Signs - Statistics

General Stats
  • This quiz has been taken 83 times
  • The average score is 7 of 12
Answer Stats
Picture Answer % Correct
Train/Rail Crossing
89%
Autobahn
81%
Children Possible
76%
Cyclists Possible
74%
Exit
71%
Roadwork
71%
Falling Rocks
63%
Danger
60%
Narrow Roadway Ahead
39%
No Cars Allowed
29%
Amphibian Crossing
17%
Roadway Intersects River
11%
No matching quizzes found
Score Distribution
Percent of People with Each Score
Percentile by Number Answered
Your Score History
You have not taken this quiz